000 00844Nam#a2200253#a#4500
005 20231212085248.0
008 100806s1984||||ag d |||||||||||||spa d
020 _a9500201674
041 _aspa
082 _a612
_22a ed. revisada y aumentada
092 _c612
_l49
_sLOV
100 1 _aLovesio, Carlos.
_9421
245 _aHomeostasis del medio interno.
_bEn clínica y cirugía /
_cCarlos Lovesio
250 _a2a ed. revisada y aumentada.
260 _aBuenos Aires:
_bEl Ateneo;
_c1984.
300 _a353 p.
500 _aLovesio, C. (1983). Homeostasis del medio interno. En clínica y cirugía. (2a ed.). Buenos Aires : El Ateneo.
653 _aFisiología
653 _aHomeostasis
700 _aCaeiro, Manuel ,
_eColaborador
_91662
700 _aMiroli, Alejandro B,
_eColaborador
_91663
930 _a1108
942 _2ddc
_cBK
999 _c568
_d568